000 00590cab a2200241 4500
001 X804
008 090401t1993 xxu||||| |||| 00| 0 eng d
035 _a(Sirsi) u67527
041 _aeng
245 _aIllegal camping and raves
260 _c1993
350 _a0
490 _aCS Monthly : Rural Practice
_v2(9) June 1993, 2(1)
650 _aCARAVAN SITES ACT 1968
650 _aCIVIL LAW
650 _aCRIMINAL LAW
650 _aILLEGAL CAMPING
650 _aRAVE PARTIES
650 _aTRESPASS
690 _aPROPERTY LAW AND PRACTICE
942 _n0
948 _c04/03/1997
999 _c42250
_d42250